000 01101cam a22002771i 4500
003 SA-RiAUC
005 20250519082656.0
008 250514s1983 su g 00000 ara c
040 _aSA-RiAUC
_bara
_cSA-RiAUC
_erda
082 0 4 _a189.1
_qSA-RiAUC
090 _a189.1
_b ظ ا هـ
100 1 _aالظاهري، أبو عبد الرحمن بن عقيل،
_d1357 هجري-
_eمؤلف.
245 1 0 _aلن تلحد /
_cأبو عبد الرحمن بن عقيل الظاهري.
250 _aالطبعة الأولى.
264 1 _aجدة، السعودية :
_bتهامة،
_c1983
300 _a343 صفحة ؛
_c24 سم.
336 _aنص
_btxt
_2rdacontent
_3كتاب
337 _aبدون وسيط
_bn
_2rdamedia
338 _aمجلد
_bnc
_2rdacarrier
490 1 _aالكتاب العربي السعودي ؛
_v92
650 7 _aالإلحاد والملحدون
_2aucsh
650 7 _aالفلسفة الإسلامية
_vمقالات ومحاضرات
_2aucsh
830 2 _aالكتاب العربي السعودي
_v92
942 _2ddc
_cBOOK
_n0
949 _aSA-JeALM
_d250514
_umohamedma123
_n1
999 _c8075
_d8075